Responses for show #4790 - Friday, June 3, 2005

David Rozenson game 4.

Contestants

[<< previous game]

Sara Mixter, a child health advocate originally from Chevy Chase, Maryland

Tom Walker, a lawyer from Boston, Massachusetts

David Rozenson, a lawyer from Newton, Massachusetts (whose 3-day cash winnings total $76,000)

[next game >>]

Jeopardy! Round responses

THE SECURITY COUNCIL
ACTORS PLAYING ACTORS
'80s FASHIONS
PULITZER PRIZE-WINNING BIOS
ABBREVIATED S
STUPID ANSWERS
    $200 8
Iraq

David
    $200 2
Kate Hepburn

David
    $200 20
Gear

Tom
    $200 22
Charles Lindbergh

David
    $200 14
single

Tom
    $200 1
expecting

Tom
    $400 9
(David: What is Monaco?)

England (or Great Britain; or France)

DavidTom
    $400 3
Orson Welles

Sara
    $400 24
(Sara: What are All-Stars?)

Vans

Sara
Triple Stumper
    $400 23
Harriet Beecher Stowe

Sara
    $400 15
satisfactory

Sara
    $400 4
the endocrine glands

Tom
    $600 10
sanctions

Sara
    $600 5
Douglas Fairbanks

David
    $600 25
leg warmers

Sara
    $600 28
Morse

David
    $600 16
Samuel

Sara
    $600 11
an ion

Tom
    $800 19
Palestine

Sara
    $800 6
Grace Kelly

David
    $800 26
parachute pants

Triple Stumper
    $2,500 29
(David: Who is Longfellow?)
(Alex: No, the important word in the clue was "sampler.")

Walt Whitman

David
    $800 17
sulfur

David
    $800 12
(Tom: Who is Lance Armstrong?)

(Greg) LeMond

Tom
Triple Stumper
    $1000 21
Sudan

Tom
    $1000 7
John Barrymore

David
    $1000 27
(Alex: Yes, you have one, don't you? I have three of them. I keep trying.)
(David: Um, I keep it next to my Nehru jacket.)
[Laughter]

Members Only

David
    $1000 30
Thomas Wolfe

David
    $1000 18
shilling

Tom
    $1000 13
Henry Adams

Sara

Scores at the first commercial break (after clue 13):

David Tom Sara
$2,400 $800 $2,000

Scores at the end of the Jeopardy! Round:

David Tom Sara
$3,500 $3,200 $4,400

Double Jeopardy! Round responses

THE INSECURITY COUNCIL
INFIELD OF DREAMS
"O", WHAT A PLACE!
ORAL EXAM
20th CENTURY BRITISH HISTORY
CHANGE YOUR LIFE
(Alex: Each correct response will be a one-letter change of the word "life". All right? One letter in "life" will change to give you the correct response.)
    $400 21
perfect

Sara
    $400 1
Pete Rose

Tom
    $400 30
Oakland

Tom
    $400 11
a mouthguard

Sara
    $400 6
the Magna Carta

Tom
    $400 16
wife

Sara
    $800 22
Listerine

Sara
    $800 2
George Brett

Tom
    $800 29
Osaka

Tom
    $800 12
sucking their thumb

David
    $800 7
the Labour Party

Tom
    $800 17
lime

Tom
    $1200 23
hypochondriac

Sara
    $1200 3
Bill Mazeroski

Tom
    $3,000 26
(David: What is Omaha?)

Olympia

David
    $1200 13
(Sara: What is 17?)

32

Sara
Triple Stumper
    $1200 8
King Edward VIII

Tom
    $1200 18
line

Tom
    $1600 24
panic attacks

David
    $1,000 4
(Tom: What is Scoop Jackson?)
...
(Alex: Great defensive... had a [*] out there.)

Stonewall

Tom
    $1600 28
Oslo

Sara
    $1600 14
(David: Teeth? What are teeth?)
...
(Alex: Yes, a lot of natural antibiotics on your [*].)

tongues

DavidSara
    $1600 9
the Channel Islands

Tom
    $1600 19
rife

David
    $2000 25
(Søren) Kierkegaard

David
    $2000 5
(Sara: Who is Cal Ripken?)

Eddie Murray

TomSara
    $2000 27
Odessa

Sara
    $2000 15
TMJ (or temporomandibular)

Sara
    $2000 10
Salisbury

David
    $2000 20
the fife

Triple Stumper

Scores at the end of the Double Jeopardy! Round:

David Tom Sara
$6,900 $13,800 $11,600

[wagering suggestions for these scores]

Final Jeopardy! Round responses

PLAYWRIGHTS
DavidWho is Checkov?
$6,900
SaraWho is Chekov?
$2,400
TomWho is Chekov?
$9,401
(Anton) Chekhov

Final scores:

David Tom Sara
$13,800 $23,201 $14,000
3rd place: $1,000 New champion: $23,201 2nd place: $2,000

Game dynamics:

Coryat scores:

David Tom Sara
$12,400 $14,800 $11,600
15 R,
4 W
(including 2 DDs)
20 R,
2 W
(including 1 DD)
17 R,
3 W

Combined Coryat: $38,800

The J! Archive is created by fans, for fans. The Jeopardy! game show and all elements thereof, including but not limited to copyright and trademark thereto, are the property of Jeopardy Productions, Inc. and are protected under law. This website is not affiliated with, sponsored by, or operated by Jeopardy Productions, Inc. Join the discussion at JBoard.tv.